[Event "SR Extraliga 2016/2017"]
[Site "?"]
[Date "2016.12.18"]
[Round "4.1"]
[White "Balog, Imre"]
[Black "Vajda, Levente"]
[Result "1-0"]
[WhiteElo "2551"]
[BlackElo "2597"]
[PlyCount "109"]
[EventDate "2016.??.??"]

1. c4 e5 2. g3 Nf6 3. Bg2 c6 4. d4 exd4 5. Qxd4 d5 6. Nf3 Be7 7. O-O O-O 8. Rd1
Qb6 9. Qd3 Na6 10. cxd5 Nb4 11. Qb3 Nbxd5 12. Nbd2 Bf5 13. Nc4 Qc7 14. Nd4 Bg6
15. Bd2 Bc5 16. Be1 Rfe8 17. e3 Bh5 18. Rdc1 Qe7 19. a4 Rad8 20. Na5 Bxd4 21.
exd4 Rb8 22. Nc4 Bg4 23. Bd2 Be6 24. Qa3 Qd7 25. Ne5 Qd8 26. Nd3 Bf5 27. Rd1
Ne4 28. Bf4 Nxf4 29. Nxf4 Nf6 30. Qc5 Bg4 31. Re1 Rxe1+ 32. Rxe1 b6 33. Qc4 Bd7
34. b4 Rc8 35. h4 h6 36. Ng6 Be6 37. Rxe6 fxe6 38. Qxe6+ Kh7 39. Bh3 Rc7 40.
Bf5 Qxd4 41. Nf8+ Kh8 42. Ng6+ Kh7 43. Ne5+ Kh8 44. Bc2 Qd2 45. Bd3 Qxb4 46.
Ng6+ Kh7 47. Nf4+ Kh8 48. Qe5 Rb7 49. g4 Qd2 50. Bf5 Qd1+ 51. Kg2 Qd8 52. g5
Qe8 53. Ng6+ Kg8 54. Be6+ Kh7 55. Nf4 1-0

[Event "SR Extraliga 2016/2017"]
[Site "?"]
[Date "2016.12.18"]
[Round "4.2"]
[White "Petenyi, Tamas"]
[Black "Kriebel, Tadeas"]
[Result "0-1"]
[WhiteElo "2444"]
[BlackElo "2468"]
[PlyCount "96"]
[EventDate "2016.??.??"]

1. e4 c5 2. Nf3 d6 3. d4 cxd4 4. Nxd4 Nf6 5. Nc3 a6 6. Be3 e5 7. Nb3 Be7 8. f3
Be6 9. Qd2 O-O 10. O-O-O a5 11. Bb5 Na6 12. Qe2 Qb8 13. Na4 Rc8 14. Kb1 d5 15.
Nb6 a4 16. Nc1 d4 17. Nxc8 Qxc8 18. Bd2 a3 19. b3 Nb4 20. Bxb4 Bxb4 21. Bc4 Bd7
22. Nd3 Bd6 23. c3 b5 24. Bxf7+ Kxf7 25. cxd4 exd4 26. Rc1 Qe8 27. Qf2 Kg8 28.
Qxd4 Bf8 29. Rhd1 Be6 30. Nf4 Bf7 31. g4 Be7 32. Rc7 Bd8 33. Ra7 Rc8 34. g5 Qc6
35. Qd3 Ne8 36. h4 Qc5 37. Rd7 Qe5 38. Qd2 Ba5 39. Nd3 Qe6 40. Nb4 Qh3 41. Qf4
Bh5 42. Nc2 Qxf3 43. Qxf3 Bxf3 44. R1d4 Bb6 45. Rb4 Bc5 46. Rxb5 Bxe4 47. Rd2
Nd6 48. Ra5 Bb4 0-1

[Event "SR Extraliga 2016/2017"]
[Site "?"]
[Date "2016.12.18"]
[Round "4.3"]
[White "Chovan, Milan"]
[Black "Czebe, Attila"]
[Result "1/2-1/2"]
[WhiteElo "2222"]
[BlackElo "2500"]
[PlyCount "71"]
[EventDate "2016.??.??"]

1. c4 b6 2. Nf3 Bb7 3. g3 Bxf3 4. exf3 g6 5. d4 Bg7 6. Nc3 Nc6 7. Be3 Nf6 8. d5
Na5 9. Be2 O-O 10. O-O c5 11. Qd2 Ne8 12. Ne4 f5 13. Nc3 e5 14. dxe6 dxe6 15.
Rad1 Nc7 16. f4 Qc8 17. b3 Rd8 18. Qc1 Qb7 19. Rd2 Ne8 20. Rfd1 Bf6 21. Nb5 a6
22. Nc3 Nc6 23. Bf3 Qc7 24. Rxd8 Rxd8 25. Rxd8 Bxd8 26. Qd2 Nd6 27. Nd5 Qd7 28.
b4 Nxb4 29. Nxb4 cxb4 30. c5 bxc5 31. Bxc5 Be7 32. Bxb4 Kf7 33. Qd3 Qb5 34. Qc3
Ne4 35. Bxe4 Qxb4 36. Qxb4 1/2-1/2

[Event "SR Extraliga 2016/2017"]
[Site "?"]
[Date "2016.12.18"]
[Round "4.4"]
[White "Bokros, Albert"]
[Black "Kolesar, Milan"]
[Result "1-0"]
[WhiteElo "2495"]
[BlackElo "2176"]
[PlyCount "55"]
[EventDate "2016.??.??"]

1. e4 c5 2. Nf3 d6 3. d4 cxd4 4. Nxd4 Nf6 5. Nc3 Nc6 6. Bg5 e6 7. Qd2 a6 8.
O-O-O Bd7 9. f3 Be7 10. h4 h6 11. Be3 h5 12. Bg5 Ne5 13. Kb1 Qc7 14. Bd3 b5 15.
Rhe1 Rd8 16. f4 Neg4 17. a3 Bc8 18. Qe2 Bb7 19. Nd5 Nxd5 20. exd5 Bxd5 21. f5
e5 22. Bxb5+ Kf8 23. Bxe7+ Qxe7 24. Bc6 Qxh4 25. f6 gxf6 26. Bxd5 exd4 27. Qe7+
Kg7 28. Bxf7 1-0

[Event "SR Extraliga 2016/2017"]
[Site "?"]
[Date "2016.12.18"]
[Round "4.5"]
[White "Sosovicka, Juraj"]
[Black "Varga, Zoltan"]
[Result "0-1"]
[WhiteElo "2187"]
[BlackElo "2439"]
[PlyCount "106"]
[EventDate "2016.??.??"]

1. e4 Nf6 2. e5 Nd5 3. d4 d6 4. c4 Nb6 5. exd6 cxd6 6. d5 e5 7. Nc3 Be7 8. Be2
O-O 9. Nf3 Bf5 10. O-O N8d7 11. Be3 Rc8 12. Nd2 Bg6 13. b3 f5 14. f4 a6 15. Nf3
Bh5 16. Qd2 Bf6 17. Rac1 Bxf3 18. Bxf3 Re8 19. g3 exf4 20. Bxf4 Ne5 21. Ne2
Nbd7 22. Kh1 Nc5 23. Bxe5 Bxe5 24. Nd4 Bxd4 25. Qxd4 a5 26. Rce1 Qg5 27. Bg2 g6
28. Qc3 b6 29. a3 Kf7 30. b4 axb4 31. axb4 Nd7 32. Rxe8 Rxe8 33. Re1 Qf6 34.
Qxf6+ Nxf6 35. Rxe8 Nxe8 36. Kg1 Kf6 37. Kf2 Ke5 38. Ke3 g5 39. Kd3 h6 40. Bf3
Nf6 41. Ke3 h5 42. Kd3 h4 43. gxh4 gxh4 44. Be2 Ng4 45. Bxg4 fxg4 46. Ke3 Kf5
47. Kf2 Ke4 48. c5 Kxd5 49. cxb6 Kc6 50. Ke3 d5 51. Kf4 g3 52. hxg3 h3 53. Kf3
d4 0-1

[Event "SR Extraliga 2016/2017"]
[Site "?"]
[Date "2016.12.18"]
[Round "4.6"]
[White "Nemeth, Miklos"]
[Black "Sosovicka, Matej"]
[Result "1/2-1/2"]
[WhiteElo "2463"]
[BlackElo "2202"]
[PlyCount "57"]
[EventDate "2016.??.??"]

1. e4 e5 2. Nf3 Nc6 3. Bc4 Nf6 4. d4 exd4 5. O-O Nxe4 6. Re1 d5 7. Bxd5 Qxd5 8.
Nc3 Qh5 9. Nxe4 Be6 10. Bg5 Bd6 11. Nxd6+ cxd6 12. Bf4 Qd5 13. c3 Rc8 14. c4
Qc5 15. Ng5 O-O 16. Ne4 Qxc4 17. Nxd6 Qd5 18. Nxc8 Rxc8 19. Qd2 h6 20. b3 Bf5
21. Rac1 Rd8 22. b4 b6 23. f3 Bg6 24. Bc7 Rc8 25. Bg3 Kh7 26. a4 Rd8 27. b5 Na5
28. Rc7 d3 29. Qb4 1/2-1/2

[Event "SR Extraliga 2016/2017"]
[Site "?"]
[Date "2016.12.18"]
[Round "4.7"]
[White "Oprea, Erik"]
[Black "Csiba, Dominik"]
[Result "0-1"]
[WhiteElo "2172"]
[BlackElo "2363"]
[PlyCount "114"]
[EventDate "2016.??.??"]

1. c4 e5 2. Nc3 Bb4 3. Qc2 Nc6 4. e3 Nf6 5. a3 Bxc3 6. Qxc3 d5 7. b4 O-O 8. b5
d4 9. Qc2 Ne7 10. e4 c5 11. a4 Qd6 12. d3 Nh5 13. Be2 Qg6 14. g3 f5 15. Ba3 b6
16. a5 fxe4 17. dxe4 Be6 18. Bc1 Qf7 19. f3 Nc8 20. a6 Nd6 21. Ra4 Kh8 22. Qd3
Rac8 23. f4 exf4 24. Nf3 fxg3 25. hxg3 Bg4 26. e5 Bf5 27. Ng5 Bxd3 28. Nxf7+
Nxf7 29. Bxd3 Nxe5 30. Bxh7 Nxg3 31. Rh3 Rf1+ 32. Kd2 Rh1 33. Rxh1 Nxh1 34. Be4
Ng3 35. Bd5 g6 36. Ra3 Nf5 37. Kd1 Kg7 38. Bf4 Ng4 39. Kd2 Nfe3 40. Bb7 Rf8 41.
Bxe3 Nxe3 42. Kd3 Rf4 43. Ra1 g5 44. Rg1 Kg6 45. Be4+ Kf6 46. Rh1 Rh4 47. Rg1
Rh3 48. Ke2 Ke5 49. Rxg5+ Kxe4 50. Rg7 d3+ 51. Kd2 Nxc4+ 52. Kc3 d2+ 53. Kxc4
d1=Q 54. Re7+ Kf3 55. Rf7+ Kg2 56. Rf2+ Kh1 57. Rh2+ Rxh2 {Kd4} 0-1

[Event "SR Extraliga 2016/2017"]
[Site "?"]
[Date "2016.12.18"]
[Round "4.8"]
[White "Csonka, Attila Istvan"]
[Black "Sosovicka, Jakub"]
[Result "1-0"]
[WhiteElo "2338"]
[BlackElo "1989"]
[PlyCount "151"]
[EventDate "2016.??.??"]

1. e4 c5 2. Nf3 d6 3. d4 cxd4 4. Nxd4 Nf6 5. Nc3 a6 6. Be3 e5 7. Nb3 Be6 8. Qd2
Be7 9. Rd1 Nbd7 10. f3 Rc8 11. Be2 Qc7 12. O-O O-O 13. Kh1 Nb6 14. Qe1 Nc4 15.
Bxc4 Bxc4 16. Rf2 b5 17. Rfd2 Nd7 18. Qg3 Kh8 19. Bg5 f6 20. Be3 f5 21. exf5
Rxf5 22. Ne4 d5 23. Bg5 Nb6 24. Bxe7 Qxe7 25. Nf2 Rcf8 26. Re1 Qg5 27. Qxg5
Rxg5 28. Nc5 d4 29. b3 Bd5 30. Nfe4 Bxe4 31. Rxe4 Rc8 32. Nd3 Nd7 33. Rde2 h6
34. f4 exf4 35. Rxd4 Nf6 36. Nxf4 Rgc5 37. Rdd2 Rf5 38. g3 Rfc5 39. Kg1 Kh7 40.
Kf1 Ng4 41. h3 Nf6 42. Kg2 Rc3 43. g4 R8c6 44. Ne6 Rc8 45. Kh2 Kg6 46. Nd4 Kf7
47. Nf5 Kf8 48. a3 R8c7 49. Rd8+ Kf7 50. Nd4 Kg6 51. Rd6 Ra7 52. Kg2 Kh7 53.
Ree6 a5 54. Rc6 Rc7 55. Rxc7 Rxc7 56. Rc6 Rxc6 57. Nxc6 a4 58. b4 Nd5 59. Nd4
Nc7 60. Kf3 Kg6 61. Ke4 Kf6 62. h4 g6 63. c3 h5 64. g5+ Kf7 65. Nc6 Ke6 66. Kd4
Kd6 67. Ne5 Ne6+ 68. Ke4 Nf8 69. c4 bxc4 70. Nxc4+ Kc6 71. Ke5 Kb5 72. Nd6+ Kc6
73. Ne4 Kb5 74. Nc5 Kc4 75. Kd6 Kb5 76. Ne6 1-0

[Event "SR Extraliga 2016/2017"]
[Site "?"]
[Date "2016.12.18"]
[Round "4.1"]
[White "Antoniewski, Rafal"]
[Black "Cernousek, Lukas"]
[Result "1/2-1/2"]
[WhiteElo "2532"]
[BlackElo "2463"]
[PlyCount "30"]
[EventDate "2016.??.??"]

1. d4 Nf6 2. Nf3 d5 3. c4 dxc4 4. e3 e6 5. Bxc4 c5 6. O-O a6 7. b3 Nc6 8. Bb2
cxd4 9. Nxd4 Nxd4 10. Qxd4 Qxd4 11. Bxd4 Bd7 12. a4 Bb4 13. Rd1 Ke7 14. Nc3
Rhc8 15. a5 Bc6 1/2-1/2

[Event "SR Extraliga 2016/2017"]
[Site "?"]
[Date "2016.12.18"]
[Round "4.2"]
[White "Roubalik, Jakub"]
[Black "Bulski, Krzysztof"]
[Result "0-1"]
[WhiteElo "2410"]
[BlackElo "2519"]
[PlyCount "128"]
[EventDate "2016.??.??"]

1. d4 Nf6 2. c4 g6 3. Nc3 d5 4. cxd5 Nxd5 5. e4 Nxc3 6. bxc3 Bg7 7. Bc4 c5 8.
Ne2 O-O 9. O-O Nc6 10. Be3 Qc7 11. Rc1 Rd8 12. Bf4 Qd7 13. d5 Na5 14. Bd3 b5
15. Qd2 e6 16. Rfd1 c4 17. Bb1 e5 18. Bg5 f6 19. Be3 Nb7 20. f4 Nd6 21. Ng3 Bb7
22. Rf1 Bh6 23. fxe5 Bxe3+ 24. Qxe3 fxe5 25. Qg5 Qg7 26. h4 Nf7 27. Qe7 Nd6 28.
Qe6+ Nf7 29. Qe7 Nd6 30. Qe6+ Nf7 31. h5 Bc8 32. Qe7 Bg4 33. hxg6 hxg6 34. Bc2
Rf8 35. Bd1 Nh6 36. Qg5 Rxf1+ 37. Nxf1 Bd7 38. Ne3 Nf7 39. Qg3 Nd6 40. Bf3 Rf8
41. Re1 Rf4 42. Qg5 Qf6 43. Qxf6 Rxf6 44. Bg4 Bxg4 45. Nxg4 Rf4 46. Nf2 Kf8 47.
Re3 Nf7 48. Re2 Rf6 49. Rb2 Rb6 50. Kf1 Ke7 51. Ke2 Kd6 52. Ng4 Ra6 53. Nf6 Ra5
54. Ke3 a6 55. Rf2 Ra3 56. Ng8 Rxc3+ 57. Kd2 Rd3+ 58. Kc2 Ng5 59. Rf6+ Kc5 60.
Rc6+ Kd4 61. d6 Nxe4 62. d7 Rd2+ 63. Kc1 Kc3 64. Nf6 Nf2 0-1

[Event "SR Extraliga 2016/2017"]
[Site "?"]
[Date "2016.12.18"]
[Round "4.3"]
[White "Jurcik, Martin"]
[Black "Zpevak, Pavel"]
[Result "1/2-1/2"]
[WhiteElo "2341"]
[BlackElo "2355"]
[PlyCount "32"]
[EventDate "2016.??.??"]

1. e4 c5 2. Nf3 e6 3. d4 cxd4 4. Nxd4 Nc6 5. Nc3 Qc7 6. Be3 a6 7. Bd3 Nf6 8.
O-O Ne5 9. h3 Bc5 10. Na4 Ba7 11. c4 d6 12. Rc1 O-O 13. b3 Bd7 14. Nc3 Rac8 15.
Bb1 Bc5 16. Qe2 Qa5 1/2-1/2

[Event "SR Extraliga 2016/2017"]
[Site "?"]
[Date "2016.12.18"]
[Round "4.4"]
[White "Motuz, Karol"]
[Black "Likavsky, Tomas"]
[Result "1/2-1/2"]
[WhiteElo "2371"]
[BlackElo "2441"]
[PlyCount "112"]
[EventDate "2016.??.??"]

1. d4 d5 2. c4 e6 3. Nf3 Nf6 4. g3 Bb4+ 5. Bd2 Be7 6. Bg2 O-O 7. O-O Nbd7 8.
Qc2 c6 9. Bf4 b6 10. Nbd2 Bb7 11. e4 Nxe4 12. Nxe4 dxe4 13. Qxe4 Nf6 14. Qe2 c5
15. Rad1 cxd4 16. Nxd4 Bxg2 17. Kxg2 Qc8 18. b3 Qb7+ 19. Qf3 Qxf3+ 20. Kxf3
Rfc8 21. g4 a6 22. a4 Ra7 23. Be3 Rb7 24. Ne2 Nd7 25. Nc1 Nc5 26. Rd2 h6 27.
Rfd1 Kf8 28. Bxc5 bxc5 29. Rd7 Rcc7 30. Rxc7 Rxc7 31. Nd3 Rb7 32. Rb1 g6 33.
Ke3 Kg7 34. h3 Kf6 35. f4 g5 36. a5 Bd6 37. Ke4 gxf4 38. Nxf4 Kg5 39. Nd3 Kh4
40. b4 cxb4 41. c5 Bf8 42. Rb3 Kxh3 43. Kf4 f5 44. gxf5 exf5 45. Kxf5 h5 46.
Ke6 h4 47. c6 Rc7 48. Nxb4+ Kg2 49. Kd5 h3 50. Nxa6 Rc8 51. c7 h2 52. Rb2+ Kg3
53. Rb1 Bh6 54. Kc6 Be3 55. Rh1 Bd2 56. Kb7 Rxc7+ 1/2-1/2

[Event "SR Extraliga 2016/2017"]
[Site "?"]
[Date "2016.12.18"]
[Round "4.5"]
[White "Kantorik, Marian"]
[Black "Vojtek, Vladimir"]
[Result "1/2-1/2"]
[WhiteElo "2254"]
[BlackElo "2238"]
[PlyCount "148"]
[EventDate "2016.??.??"]

1. d4 d5 2. c4 Bf5 3. cxd5 Bxb1 4. Qa4+ c6 5. Rxb1 Qxd5 6. e3 Nd7 7. Qc4 e6 8.
a3 Ngf6 9. Nf3 Nb6 10. Qxd5 exd5 11. Bd3 Ne4 12. Nd2 Nd6 13. b3 f5 14. Bb2 g6
15. Rc1 Be7 16. O-O O-O 17. Rfe1 a5 18. a4 Ne4 19. Nf1 Bb4 20. Re2 Rae8 21. f3
Nd6 22. Bc3 Bxc3 23. Rxc3 Kg7 24. Nd2 Re7 25. Rc1 Rfe8 26. Rce1 Nd7 27. Kf2 c5
28. dxc5 Nxc5 29. Bc2 Rc7 30. Nb1 Na6 31. Rd2 Nb4 32. Bd3 Kf6 33. Red1 Rec8 34.
Ke1 Ke5 35. g3 Rc5 36. Be2 Rc1 37. Kf2 R8c5 38. Ke1 Nc2+ 39. Kf2 Nb4 40. Ke1
Ke6 41. Kf2 g5 42. Rxc1 Rxc1 43. Rd1 Rc2 44. Rd2 Rc5 45. Rd4 h6 46. h3 b6 47.
Rd1 Ke5 48. Rd4 Rc1 49. Rd1 Rxd1 50. Bxd1 d4 51. Nd2 dxe3+ 52. Kxe3 f4+ 53.
gxf4+ gxf4+ 54. Ke2 Kd4 55. Nb1 Nd5 56. Kd2 Nf5 57. Be2 Ng3 58. Ba6 Nf5 59. Be2
Nfe7 60. Na3 Kc5 61. Bc4 Ne3 62. Kd3 Nc6 63. Be6 Nd4 64. Bf7 Nxf3 65. Ke4 Ng5+
66. Kxf4 Ng2+ 67. Kg3 Nxf7 68. Kxg2 Kb4 69. Nc4 b5 70. axb5 Kxb5 71. Kg3 a4 72.
bxa4+ Kxc4 73. Kg4 Kb4 74. Kh5 Kxa4 1/2-1/2

[Event "SR Extraliga 2016/2017"]
[Site "?"]
[Date "2016.12.18"]
[Round "4.6"]
[White "Zvarik, Martin"]
[Black "Haring, Viktor"]
[Result "0-1"]
[WhiteElo "2307"]
[BlackElo "2186"]
[PlyCount "112"]
[EventDate "2016.??.??"]

1. Nf3 d5 2. d3 Nf6 3. Nbd2 Bg4 4. h3 Bh5 5. g4 Bg6 6. c4 e6 7. Bg2 Nbd7 8. a3
c6 9. b4 a5 10. bxa5 Qxa5 11. O-O Bd6 12. Rb1 Qc7 13. Qb3 Ra7 14. Re1 O-O 15.
Nf1 Rfa8 16. cxd5 exd5 17. Be3 Nc5 18. Qb2 Nfd7 19. Ra1 Ra4 20. N1d2 Ne6 21.
Nb1 b5 22. Rc1 b4 23. Qc2 R8a6 24. Nd4 Nxd4 25. Bxd4 b3 26. Qxb3 Rxd4 27. Nc3
Qb6 28. Qxb6 Rxb6 29. Ra2 h5 30. e3 Rxd3 31. Bf1 hxg4 32. hxg4 Ne5 33. Bxd3
Bxd3 34. Kg2 Bc4 35. Rd2 Bxa3 36. Ra1 Bb4 37. Ra8+ Kh7 38. Rb2 c5 39. f3 Nd3
40. Rb1 Re6 41. Rh1+ Kg6 42. Nd1 d4 43. e4 Bb3 44. Nf2 Nxf2 45. Kxf2 c4 46. Rh5
d3 47. e5 d2 48. f4 Rxe5 49. Rxe5 d1=Q 50. Rg5+ Kf6 51. Rf5+ Ke6 52. Re5+ Kd7
53. Ra7+ Kc6 54. Rxf7 c3 55. Rxg7 c2 56. Re8 Qd4+ 0-1

[Event "SR Extraliga 2016/2017"]
[Site "?"]
[Date "2016.12.18"]
[Round "4.7"]
[White "Haring, Filip"]
[Black "Veres, Andrej"]
[Result "0-1"]
[WhiteElo "2123"]
[BlackElo "2191"]
[PlyCount "94"]
[EventDate "2016.??.??"]

1. e4 e5 2. Nf3 Nc6 3. d4 exd4 4. Bc4 Bc5 5. c3 Nf6 6. O-O dxc3 7. Nxc3 d6 8.
h3 h6 9. Re1 O-O 10. Bf4 Nd7 11. a3 a6 12. b4 Ba7 13. Ba2 Nde5 14. Nd5 Be6 15.
Rc1 Rc8 16. Qe2 Re8 17. Red1 Nxf3+ 18. Qxf3 Nd4 19. Rxd4 Bxd4 20. Rd1 Be5 21.
Bxe5 dxe5 22. Nb6 Qe7 23. Nxc8 Rxc8 24. Bxe6 Qxe6 25. Qc3 f6 26. Rd5 c6 27. Rd2
Qe7 28. Qc5 Qxc5 29. bxc5 Rc7 30. Kf1 Kf7 31. Ke2 Ke7 32. Rd3 Rd7 33. Rxd7+
Kxd7 34. Kd3 Kc7 35. Kc4 Kb8 36. Kb4 Ka7 37. Ka5 b6+ 38. Kb4 a5+ 39. Kc4 b5+
40. Kc3 a4 41. h4 h5 42. f3 g5 43. g3 Kb7 44. hxg5 fxg5 45. f4 gxf4 46. gxf4
exf4 47. e5 h4 0-1

[Event "SR Extraliga 2016/2017"]
[Site "?"]
[Date "2016.12.18"]
[Round "4.8"]
[White "Kovacik, Emil"]
[Black "Magat, Jozef"]
[Result "1/2-1/2"]
[WhiteElo "2119"]
[BlackElo "2050"]
[PlyCount "47"]
[EventDate "2016.??.??"]

1. e4 e6 2. d4 d5 3. Nd2 c5 4. exd5 exd5 5. Bb5+ Nc6 6. Ne2 Nf6 7. O-O Bd6 8.
dxc5 Bxc5 9. Nb3 Qb6 10. Bxc6+ bxc6 11. Nxc5 Qxc5 12. Nd4 O-O 13. Nb3 Qc4 14.
Be3 Re8 15. Re1 Bf5 16. c3 a5 17. Bd4 Rxe1+ 18. Qxe1 a4 19. Nc5 Qb5 20. b4 axb3
21. axb3 Re8 22. Qf1 Qxf1+ 23. Kxf1 Ne4 24. Nxe4 1/2-1/2

[Event "SR Extraliga 2016/2017"]
[Site "?"]
[Date "2016.12.18"]
[Round "4.1"]
[White "Mazur, Stefan"]
[Black "Cvek, Robert"]
[Result "0-1"]
[WhiteElo "2467"]
[BlackElo "2519"]
[PlyCount "128"]
[EventDate "2016.??.??"]

1. e4 e6 2. d4 d5 3. Nc3 Bb4 4. e5 c5 5. a3 Bxc3+ 6. bxc3 Ne7 7. Nf3 Qa5 8. Bd2
Nbc6 9. a4 Bd7 10. Be2 f6 11. c4 Qc7 12. cxd5 Nxd5 13. c4 Nde7 14. exf6 gxf6
15. d5 exd5 16. cxd5 Nxd5 17. Qc2 O-O-O 18. O-O Rhe8 19. Bc4 Bg4 20. a5 Bxf3
21. Qf5+ Kb8 22. Qxf3 Nd4 23. Qh5 Qe5 24. Qh6 Nf5 25. Qh3 Nf4 26. Bxf4 Qxf4 27.
Rfb1 Qxc4 28. Qxf5 Qd5 29. Qxf6 Rd6 30. Qf4 Qe5 31. Qf7 Qe7 32. Qf3 a6 33. g3
Qc7 34. Ra2 Rde6 35. Rab2 Re1+ 36. Kg2 Rxb1 37. Rxb1 c4 38. Qc3 Re5 39. Rb6 Rb5
40. Kf1 Ka7 41. Rxb5 axb5 42. Ke2 Ka6 43. f4 Qd7 44. Ke3 Qe7+ 45. Kd2 Qc5 46.
Qe3 Qd6+ 47. Kc2 b4 48. f5 Kxa5 49. Qa7+ Kb5 50. Qxb7+ Kc5 51. Qa7+ Kd5 52. Qe3
b3+ 53. Kc3 Qf6+ 54. Kb4 b2 55. Qf3+ Kd6 56. Qd1+ Kc7 57. Qb1 Qd4 58. f6 Kd6
59. f7 c3+ 60. Kb3 Ke7 61. f8=Q+ Kxf8 62. Qf5+ Kg7 63. Ka3 Qa7+ 64. Kb3 Qf7+
0-1

[Event "SR Extraliga 2016/2017"]
[Site "?"]
[Date "2016.12.18"]
[Round "4.2"]
[White "Pechac, Jergus"]
[Black "Caletka, Radomir"]
[Result "1-0"]
[WhiteElo "2437"]
[BlackElo "2393"]
[PlyCount "77"]
[EventDate "2016.??.??"]

1. Nf3 d5 2. d4 e6 3. Bf4 c5 4. e3 Nf6 5. c3 Bd6 6. Bg3 O-O 7. Nbd2 Nc6 8. Bd3
b6 9. Qe2 Bb7 10. Rd1 Re8 11. e4 Be7 12. e5 Nh5 13. a3 g6 14. O-O Rc8 15. Qe3
cxd4 16. cxd4 Rc7 17. Rc1 Nxg3 18. fxg3 Bf8 19. h4 Qc8 20. Rc3 Ba6 21. Nh2 Bxd3
22. Rxd3 Nb8 23. Ng4 Nd7 24. Nf3 Re7 25. Nf6+ Kh8 26. h5 Bg7 27. Qf4 Qf8 28.
Qh4 g5 29. Nxg5 Bxf6 30. exf6 Re8 31. Nf3 Qh6 32. g4 Rec8 33. g5 Qf8 34. g6
fxg6 35. hxg6 Nxf6 36. Ne5 Rc1 37. Rdf3 Rxf1+ 38. Rxf1 Kg7 39. Rxf6 1-0

[Event "SR Extraliga 2016/2017"]
[Site "?"]
[Date "2016.12.18"]
[Round "4.3"]
[White "Rojicek, Vojtech"]
[Black "Jablonicky, Martin"]
[Result "1-0"]
[WhiteElo "2411"]
[BlackElo "2281"]
[PlyCount "101"]
[EventDate "2016.??.??"]

1. d4 g6 2. c4 Nf6 3. Nc3 Bg7 4. e4 d6 5. Bd3 O-O 6. Nge2 Nc6 7. O-O e5 8. d5
Nd4 9. Nxd4 exd4 10. Ne2 Re8 11. Nxd4 Nxe4 12. Be3 Nc5 13. Qd2 Nxd3 14. Qxd3
Bd7 15. Rae1 c5 16. dxc6 bxc6 17. Qd2 Qf6 18. b3 c5 19. Ne2 Bc6 20. Nf4 Re5 21.
Rd1 Bf8 22. Qc3 Qh4 23. Bc1 g5 24. Nd5 Bxd5 25. Rxd5 Rxd5 26. cxd5 Bg7 27. Qg3
Qxg3 28. hxg3 Re8 29. Bxg5 Re2 30. Bf4 Be5 31. Bxe5 Rxe5 32. Rd1 Re2 33. a4 Kg7
34. Rd3 Re1+ 35. Kh2 f5 36. g4 fxg4 37. Kg3 Kf6 38. Kxg4 Re4+ 39. f4 a5 40. g3
Re1 41. Kf3 h5 42. Re3 Rb1 43. Re6+ Kf5 44. Rxd6 Rxb3+ 45. Kg2 Ke4 46. Rd8 Rb2+
47. Kh3 Rd2 48. d6 c4 49. Rc8 Rxd6 50. Rxc4+ Kf3 51. f5 1-0

[Event "SR Extraliga 2016/2017"]
[Site "?"]
[Date "2016.12.18"]
[Round "4.4"]
[White "Karas, Marek"]
[Black "Hausner, Ivan"]
[Result "1/2-1/2"]
[WhiteElo "2209"]
[BlackElo "2375"]
[PlyCount "179"]
[EventDate "2016.??.??"]

1. d4 e6 2. Nf3 f5 3. c4 Nf6 4. g3 Be7 5. Bg2 O-O 6. Nc3 d6 7. O-O a5 8. b3 Na6
9. Bb2 c6 10. e3 Bd7 11. Qe2 Ne4 12. Nxe4 fxe4 13. Nd2 d5 14. f3 exf3 15. Rxf3
Rxf3 16. Nxf3 a4 17. Ne5 Bf6 18. Nxd7 Qxd7 19. Bh3 Nc7 20. Qc2 axb3 21. axb3
Rxa1+ 22. Bxa1 Qe7 23. Bc3 e5 24. dxe5 Bxe5 25. Bg2 Bxc3 26. Qxc3 dxc4 27. bxc4
Na6 28. Bf3 Nc5 29. Qd4 Nd7 30. Kg2 Nf6 31. Kf2 Kf7 32. Qb6 Qd7 33. Qd4 Qh3 34.
Kg1 Qf5 35. Qf4 Ke6 36. g4 Qxf4 37. exf4 Kd6 38. Kf2 Kc5 39. g5 Ne8 40. f5 Nd6
41. f6 gxf6 42. gxf6 Kd4 43. Ke2 Ke5 44. Kd3 Kxf6 45. Kd4 Ke7 46. Be2 Nf7 47.
Kc5 Kd7 48. Bg4+ Kc7 49. Kd4 b6 50. Bh5 Nd6 51. c5 bxc5+ 52. Kxc5 Nb7+ 53. Kd4
Kd6 54. Be2 Nc5 55. Bd1 h6 56. Bc2 Ne6+ 57. Ke4 c5 58. Bd3 Ng5+ 59. Kf5 Nf3 60.
h3 Ke7 61. Be4 Ng5 62. Bb1 Nxh3 63. Ke5 h5 64. Kd5 Nf2 65. Kxc5 h4 66. Bf5 Kf6
67. Bc8 Ke5 68. Kc4 Ke4 69. Kc3 Ke3 70. Kc2 Ke2 71. Ba6+ Kf3 72. Bc8 Ng4 73.
Kd2 h3 74. Ke1 h2 75. Bb7+ Kg3 76. Bh1 Ne3 77. Ke2 Ng2 78. Kf1 Nh4 79. Ke2 Ng6
80. Ke1 Ne5 81. Ke2 Nc4 82. Kd3 Nd6 83. Ke2 Nf5 84. Ke1 Ne7 85. Kf1 Ng8 86. Ba8
Nh6 87. Bh1 Ng4 88. Ke2 Nf2 89. Bb7 Nh3 90. Bh1 1/2-1/2

[Event "SR Extraliga 2016/2017"]
[Site "?"]
[Date "2016.12.18"]
[Round "4.5"]
[White "Plachetka, Jan"]
[Black "Gasa, Andrej"]
[Result "1/2-1/2"]
[WhiteElo "2355"]
[BlackElo "2279"]
[PlyCount "59"]
[EventDate "2016.??.??"]

1. c4 e5 2. Nc3 Nf6 3. Nf3 Nc6 4. g3 d5 5. cxd5 Nxd5 6. Bg2 Nb6 7. O-O Be7 8.
d3 O-O 9. a3 Be6 10. b4 Nd4 11. Rb1 f6 12. Bb2 Nxf3+ 13. Bxf3 Rb8 14. Qc2 c6
15. Rfd1 f5 16. Na4 Nd7 17. Bc3 Bf6 18. Nb2 Qe7 19. Bg2 Nb6 20. Na4 Nxa4 21.
Qxa4 a6 22. Qa5 Bf7 23. Qc5 Rfe8 24. Qxe7 Rxe7 25. e4 Bg6 26. exf5 Bxf5 27. Be4
Be6 28. Bb2 Rd8 29. Kf1 Bd5 30. Bc3 1/2-1/2

[Event "SR Extraliga 2016/2017"]
[Site "?"]
[Date "2016.12.18"]
[Round "4.6"]
[White "Sahidi, Samir"]
[Black "Cech, Pavel"]
[Result "0-1"]
[WhiteElo "2282"]
[BlackElo "2355"]
[PlyCount "50"]
[EventDate "2016.??.??"]

1. d4 d5 2. Nc3 Bf5 3. g3 Nf6 4. Bg2 e6 5. Nf3 h6 6. O-O Be7 7. Ne5 Nbd7 8. Bf4
O-O 9. Nxd7 Qxd7 10. Be5 Bg6 11. Qd2 Rfd8 12. h3 Rac8 13. Rfd1 Qe8 14. Rac1 Nd7
15. Bf4 Nb6 16. Rb1 Nc4 17. Qc1 c5 18. dxc5 Bxc5 19. e4 d4 20. Ne2 e5 21. Bd2
Nd6 22. Re1 Nxe4 23. Bxe4 Bxe4 24. Bxh6 Qe6 25. Bg5 Qxh3 0-1

[Event "SR Extraliga 2016/2017"]
[Site "?"]
[Date "2016.12.18"]
[Round "4.7"]
[White "Hrabusa, Matej"]
[Black "Bury, Rastislav"]
[Result "1/2-1/2"]
[WhiteElo "2312"]
[BlackElo "2159"]
[PlyCount "143"]
[EventDate "2016.??.??"]

1. e4 c5 2. Nc3 d6 3. f4 g6 4. Nf3 Bg7 5. Bb5+ Bd7 6. Bc4 e6 7. O-O Ne7 8. d3
a6 9. a4 Nbc6 10. Qe1 Nd4 11. Nxd4 Bxd4+ 12. Kh1 Bg7 13. f5 gxf5 14. exf5 Be5
15. Bg5 h6 16. Bh4 O-O 17. Ne4 exf5 18. Nf6+ Kg7 19. Nh5+ Kh7 20. c3 f6 21. d4
Qe8 22. dxe5 Qxh5 23. Rd1 Ng6 24. Bxf6 Bc6 25. Be2 Qh3 26. Rf3 Qg4 27. Rg3 Qe4
28. Rxd6 Rxf6 29. Rxf6 Nf4 30. Rg7+ Kh8 31. Rg3 Kh7 32. Rg7+ Kh8 33. Rff7 Nxe2
34. Qd1 Qxe5 35. Re7 Qxg7 36. Rxg7 Kxg7 37. Qxe2 Re8 38. Qd2 Bxa4 39. Kg1 Bc6
40. c4 Re4 41. Qc3+ Kg6 42. Qg3+ Rg4 43. Qd6+ Kh5 44. Qxc5 Rxg2+ 45. Kf1 Be4
46. Qe5 Rc2 47. Qe8+ Kh4 48. Qg6 Rxh2 49. Qxh6+ Kg3 50. Qd6+ f4 51. Ke1 Bf3 52.
Qg6+ Bg4 53. Qf6 Re2+ 54. Kf1 Rc2 55. Ke1 Rxc4 56. Kd2 Re4 57. Qd6 Re6 58. Qc7
b5 59. Kc3 Rf6 60. Kb4 Rf5 61. Ka5 Kh3 62. Qh7+ Rh5 63. Qb1 Kg2 64. Qe4+ Kg3
65. Qe1+ Kg2 66. Qd2+ Kg3 67. Qe1+ Kg2 68. Qe4+ Kg3 69. Qe1+ Kg2 70. Qd2+ Kg3
71. Qe1+ Kg2 72. Qe4+ 1/2-1/2

[Event "SR Extraliga 2016/2017"]
[Site "?"]
[Date "2016.12.18"]
[Round "4.8"]
[White "Spacek, Oliver"]
[Black "Motycakova, Monika"]
[Result "1-0"]
[WhiteElo "2087"]
[BlackElo "2132"]
[PlyCount "87"]
[EventDate "2016.??.??"]

1. d4 d5 2. c4 c6 3. Nf3 Nf6 4. e3 Bg4 5. Nc3 e6 6. h3 Bxf3 7. Qxf3 Nbd7 8. g4
Bb4 9. Bd2 Qa5 10. a3 h6 11. Rc1 Bxc3 12. Bxc3 Qc7 13. cxd5 exd5 14. Bd3 Nf8
15. h4 Ne6 16. g5 hxg5 17. hxg5 Rxh1+ 18. Qxh1 Nd7 19. g6 Ndf8 20. f4 fxg6 21.
Qh3 Qf7 22. Ba5 Kd7 23. Kd1 Re8 24. Kc2 Kc8 25. Kb1 Kb8 26. Bb4 Rd8 27. Rg1 b6
28. Rc1 Kb7 29. a4 a5 30. Ba3 Qf6 31. Qg3 g5 32. f5 Nc7 33. Ka2 g6 34. fxg6
Nxg6 35. Rf1 Qg7 36. Qxg5 Rg8 37. Rg1 b5 38. Bc5 Ne6 39. Qxg6 Qxg6 40. Rxg6
Nxc5 41. dxc5 Re8 42. axb5 cxb5 43. Bxb5 Rxe3 44. Rg7+ 1-0